| 000 | 01176nas a2200337 4500 | ||
|---|---|---|---|
| 001 | BR8102139 | ||
| 003 | BR-BrBNA | ||
| 005 | 20231205084634.0 | ||
| 007 | ta | ||
| 008 | 230509b bl.|||p| |||| 00| 00por d | ||
| 040 |
_aBR-BrBNA _bpor _cBiblioteca Nacional de Agricultura |
||
| 041 | _a(Pt) | ||
| 072 | _aF25; F60 | ||
| 100 | 1 | _aMagalhaes, P.C. | |
| 100 | 1 | _aBegazo, J.C.E.O. | |
| 100 | 1 | _aPaula, J.F. de | |
| 100 | 1 | _aDefelipo, B.V. | |
| 245 | 1 |
_aEfeitos de niveis de epocas e de localizacao do cloreto de potassio em alguns caracteres das raizes de mandioca [Manihot esculenta; Brasil] _bParte de tese |
|
| 246 | 1 |
_a[Effects of levels, time and methods of potassium fertilization on some characters of cassava roots [Manihot esculenta [Brazil]] _b[Part of thesis] |
|
| 650 | _aFertilizante | ||
| 650 | _aNutricao vegetal | ||
| 650 | _amandioca | ||
| 650 | _aFertilizante potassico | ||
| 650 | _aAmido | ||
| 650 | _aCloreto de potassio | ||
| 650 | _aVicosa | ||
| 650 | _aMinas Gerais | ||
| 773 | 0 |
_tRevista Ceres (Brazil) _xISSN 0034-737X _g(1980), v. 27(151) p. 215-223 _wBR8102139 |
|
| 909 |
_a202311 _bLúcia _c55 _dLúcia Elande |
||
| 942 |
_2AGRIS _n0 _cANA |
||
| 999 |
_c106387 _d106387 |
||